| 000 | 00362nam a2200133Ia 4500 | ||
|---|---|---|---|
| 008 | 220120s9999||||xx |||||||||||||| ||und|| | ||
| 020 | _a9788192616933 | ||
| 082 | _a621.3 CHA | ||
| 100 | _aChandrashekaraiah, P.M | ||
| 245 | 0 | _aBasic electrical engineering | |
| 260 |
_aRajeshwari publications _bBeengaluru _c2014 |
||
| 300 |
_a597p. _b330 |
||
| 650 | _aMECHANICAL | ||
| 999 |
_c133019 _d133019 |
||